[Event "Samara Polugaevsky Memorial 6th"]
[Site "Samara"]
[Date "2016.07.09"]
[Round "7"]
[White "Velichko, Artemy"]
[Black "Kvachko, Anastasiya"]
[Result "0-1"]
[WhiteElo "2064"]
[BlackElo "1829"]
[PlyCount "76"]
[EventDate "2016.07.03"]
[EventType "swiss"]
[EventRounds "9"]
[EventCountry "RUS"]
[SourceTitle "EXT 2019"]
[Source "ChessBase"]
[SourceDate "2018.10.10"]
[SourceVersion "1"]
[SourceVersionDate "2018.10.10"]
[SourceQuality "1"]

1. e3 e6 2. c4 d5 3. d4 Nf6 4. Nf3 Be7 5. Nc3 0-0 6. Bd3 dxc4 7. Bxc4 c5 8. 0-0 Nc6 9. dxc5 Bxc5 10. a3 a5 11. Qe2 Qe7 12. b3 e5 13. Qc2 Bg4 14. Nd2 Rac8 15. Bb2 Bh5 16. Kh1 Rfd8 17. Bd3 Ba7 18. Nc4 Rb8 19. Nb5 Qc5 20. Nxa7 Nxa7 21. Bxe5 Rbc8 22. Bxf6 gxf6 23. Bxh7+ Kg7 24. Bf5 Rc7 25. Qe4 Rd5 26. Bh3 Bg6 27. Qf4 a4 28. Rac1 axb3 29. e4 Rd3 30. Nb2 Qxa3 31. Rc3 Rdxc3 32. e5 Rd3 33. Qxf6+ Kg8 34. e6 Rd6 35. f4 Rd1 36. exf7+ Bxf7 37. Qg5+ Kf8 38. g4 Bd5+ 0-1

[Event "Samara Polugaevsky Memorial 6th"]
[Site "Samara"]
[Date "2016.07.07"]
[Round "5"]
[White "Velichko, Artemy"]
[Black "Lysokon, Polina"]
[Result "1-0"]
[WhiteElo "2064"]
[BlackElo "1488"]
[PlyCount "85"]
[EventDate "2016.07.03"]
[EventType "swiss"]
[EventRounds "9"]
[EventCountry "RUS"]
[SourceTitle "EXT 2019"]
[Source "ChessBase"]
[SourceDate "2018.10.10"]
[SourceVersion "1"]
[SourceVersionDate "2018.10.10"]
[SourceQuality "1"]

1. d4 Nf6 2. c4 e6 3. Nf3 b6 4. g3 Bb7 5. Bg2 c5 6. 0-0 Be7 7. Nc3 cxd4 8. Nxd4 Bxg2 9. Kxg2 0-0 10. e4 Nc6 11. Nc2 Rc8 12. b3 b5 13. cxb5 Nb4 14. Bb2 Nxe4 15. Nxe4 Rxc2 16. Qd4 Rxb2 17. Qxb2 d5 18. Rad1 Qa8 19. a3 dxe4 20. axb4 Bxb4 21. Kg1 Bc5 22. Qe5 Rc8 23. Rc1 Bb6 24. Rxc8+ Qxc8 25. Qxe4 h6 26. Qc6 Qd8 27. Qc2 Qd5 28. Qc4 Qf5 29. Kg2 h5 30. f3 Qe5 31. Rc1 Qe3 32. Rc2 Qg1+ 33. Kh3 Bf2 34. Rc1 Be1 35. Qe2 Qb6 36. Rxe1 h4 37. Kg2 hxg3 38. hxg3 g5 39. Rc1 g4 40. fxg4 Qb7+ 41. Kh2 Qb8 42. Qf2 e5 43. Qf3 1-0

[Event "Samara Polugaevsky Memorial 6th"]
[Site "Samara"]
[Date "2016.07.03"]
[Round "1"]
[White "Velichko, Artemy"]
[Black "Nozdrachev, Vladislav"]
[Result "0-1"]
[WhiteElo "2064"]
[BlackElo "2455"]
[PlyCount "62"]
[EventDate "2016.07.03"]
[EventType "swiss"]
[EventRounds "9"]
[EventCountry "RUS"]
[SourceTitle "EXT 2019"]
[Source "ChessBase"]
[SourceDate "2018.10.10"]
[SourceVersion "1"]
[SourceVersionDate "2018.10.10"]
[SourceQuality "1"]

1. d4 Nf6 2. Nf3 e6 3. g3 d5 4. Bg2 b5 5. 0-0 Bb7 6. Qd3 a6 7. a4 b4 8. Nbd2 c5 9. c4 cxd4 10. cxd5 Qxd5 11. Nc4 Nbd7 12. Qxd4 Rc8 13. Ne3 Qxd4 14. Nxd4 Bxg2 15. Kxg2 Ne4 16. f3 Nec5 17. f4 g6 18. Rd1 Bg7 19. Nec2 a5 20. Be3 Nb6 21. b3 Nd5 22. Rac1 Nxb3 23. Nxb3 Rxc2 24. Kf3 Ra2 25. Nxa5 Rxa4 26. Nc4 0-0 27. Bd4 Bxd4 28. Rxd4 b3 29. Ke4 Rc8 30. Kd3 Nb4+ 31. Ke4 Nc2 0-1

[Event "Samara Polugaevsky Memorial 5th"]
[Site "Samara"]
[Date "2015.07.10"]
[Round "8"]
[White "Bykov, Oleg1"]
[Black "Velichko, Artemy"]
[Result "1-0"]
[WhiteElo "2178"]
[BlackElo "1878"]
[PlyCount "74"]
[EventDate "2015.07.03"]
[EventType "swiss"]
[EventRounds "9"]
[EventCountry "RUS"]
[SourceTitle "EXT 2017"]
[Source "ChessBase"]
[SourceDate "2016.10.25"]
[SourceVersion "1"]
[SourceVersionDate "2016.10.25"]
[SourceQuality "1"]

1. d4 d5 2. c4 c6 3. Nf3 Nf6 4. Nc3 Bf5 5. cxd5 Nxd5 6. Qb3 Qb6 7. Nxd5 Qxb3 8. Nc7+ Kd7 9. axb3 Kxc7 10. Bf4+ Kc8 11. Ne5 f6 12. Nc4 Nd7 13. f3 Bc2 14. b4 Bb3 15. Na5 e5 16. Bd2 Bf7 17. e3 exd4 18. exd4 a6 19. Bc4 Bxc4 20. Nxc4 Kb8 21. Kf2 Ka7 22. Rhc1 Rd8 23. b3 Nb6 24. Nxb6 Kxb6 25. Rc4 Rd5 26. Bf4 Rb5 27. Rd1 Bxb4 28. d5 cxd5 29. Be3+ Bc5 30. Rxc5 Rxc5 31. b4 Kc6 32. bxc5 a5 33. Rb1 Ra8 34. Rb6+ Kc7 35. Bf4+ Kc8 36. Re6 Kd7 37. Rd6+ Ke7 1-0

[Event "Samara Polugaevsky Memorial 5th"]
[Site "Samara"]
[Date "2015.07.06"]
[Round "4"]
[White "Galaktionov, Artem"]
[Black "Velichko, Artemy"]
[Result "1-0"]
[WhiteElo "2168"]
[BlackElo "1878"]
[PlyCount "97"]
[EventDate "2015.07.03"]
[EventType "swiss"]
[EventRounds "9"]
[EventCountry "RUS"]
[SourceTitle "EXT 2017"]
[Source "ChessBase"]
[SourceDate "2016.10.25"]
[SourceVersion "1"]
[SourceVersionDate "2016.10.25"]
[SourceQuality "1"]

1. d4 d5 2. c4 c6 3. Nf3 Nf6 4. Qb3 e6 5. Bg5 Be7 6. e3 Nbd7 7. Bd3 a6 8. a4 a5 9. 0-0 0-0 10. Nc3 h6 11. Bf4 dxc4 12. Bxc4 Nd5 13. Bg3 N7f6 14. Qc2 Bd6 15. Bh4 Be7 16. e4 Nb4 17. Qe2 Nh5 18. Bxe7 Qxe7 19. Ne5 Nf6 20. Rad1 Nd7 21. Nxd7 Bxd7 22. e5 Nd5 23. Ne4 Qb4 24. f4 Qe7 25. Rd3 f5 26. Nd6 Nb4 27. Rg3 Kh7 28. Nxb7 Bc8 29. Nc5 Rb8 30. Qh5 Qe8 31. Qxe8 Rxe8 32. Rd1 Kg8 33. Kf2 Kf7 34. Rc1 Rg8 35. Ke3 Rd8 36. h4 Rb6 37. h5 Nd5+ 38. Bxd5 Rxd5 39. b3 Rd8 40. Rg6 Rb4 41. Rc4 Rb6 42. g4 fxg4 43. Rxg4 Ba6 44. Rc1 Bc8 45. Rg6 Rb4 46. Rcg1 Rg8 47. Kd3 Rb6 48. Kc3 Rb4 49. Ne4 1-0

[Event "Izhevsk Corporation Cup 6th"]
[Site "Izhevsk"]
[Date "2014.07.18"]
[Round "6"]
[White "Velichko, Artemy"]
[Black "Shpilevoy, Eugeny"]
[Result "1-0"]
[WhiteElo "1793"]
[BlackElo "2015"]
[PlyCount "77"]
[EventDate "2014.07.12"]
[EventType "swiss"]
[EventRounds "9"]
[EventCountry "RUS"]
[SourceTitle "CBM 161 Extra"]
[Source "ChessBase"]
[SourceDate "2014.08.29"]
[SourceVersion "1"]
[SourceVersionDate "2014.08.29"]
[SourceQuality "1"]

1. d4 Nf6 2. c4 e6 3. Nc3 d5 4. cxd5 exd5 5. Bg5 Be7 6. e3 c6 7. Bd3 Bg4 8. f3 Bh5 9. Nge2 Bg6 10. Bxg6 hxg6 11. Qd3 Qd7 12. Bxf6 Bxf6 13. 0-0-0 Na6 14. a3 Nc7 15. e4 0-0-0 16. e5 Bg5+ 17. f4 Be7 18. Rdf1 b5 19. h3 a5 20. g4 Na6 21. f5 g5 22. Ng3 Qb7 23. f6 gxf6 24. exf6 Bd6 25. Nf5 Bf4+ 26. Kc2 Kb8 27. Re1 Rhe8 28. Re7 Rxe7 29. fxe7 Re8 30. h4 gxh4 31. Rxh4 Qd7 32. Rh7 f6 33. Rf7 Bg5 34. Qg3+ Nc7 35. Qd6 Kc8 36. Qc5 Qe6 37. Nd6+ Kd7 38. Nxe8 Nxe8 39. Qa7+ 1-0

[Event "Izhevsk Corporation Cup 6th"]
[Site "Izhevsk"]
[Date "2014.07.13"]
[Round "2"]
[White "Velichko, Artemy"]
[Black "Frolov, Artiom"]
[Result "0-1"]
[WhiteElo "1793"]
[BlackElo "2403"]
[PlyCount "40"]
[EventDate "2014.07.12"]
[EventType "swiss"]
[EventRounds "9"]
[EventCountry "RUS"]
[SourceTitle "CBM 161 Extra"]
[Source "ChessBase"]
[SourceDate "2014.08.29"]
[SourceVersion "1"]
[SourceVersionDate "2014.08.29"]
[SourceQuality "1"]

1. d4 g6 2. c4 f5 3. Nc3 Nf6 4. h4 Bg7 5. h5 Nxh5 6. e4 fxe4 7. g4 Nf6 8. g5 Ng8 9. Bg2 e6 10. Bxe4 Ne7 11. d5 d6 12. Qc2 exd5 13. cxd5 Bf5 14. Bd2 Na6 15. 0-0-0 Qd7 16. Bxf5 Qxf5 17. Qb3 Nc5 18. Qc2 Nd3+ 19. Kb1 Nxf2 20. Qxf5 gxf5 0-1

[Event "Samara Polugaevsky Memorial 2nd"]
[Site "Samara"]
[Date "2012.07.12"]
[Round "8"]
[White "Velichko, Artemy"]
[Black "Korovin, Mikhail"]
[Result "1/2-1/2"]
[WhiteElo "1761"]
[BlackElo "2110"]
[PlyCount "99"]
[EventDate "2012.07.05"]
[EventType "swiss"]
[EventRounds "9"]
[EventCountry "RUS"]
[SourceTitle "CBM 149 Extra"]
[Source "ChessBase"]
[SourceDate "2012.08.24"]
[SourceVersion "1"]
[SourceVersionDate "2012.08.24"]
[SourceQuality "1"]

1. d4 e6 2. c4 Nf6 3. Nc3 Bb4 4. f3 0-0 5. a3 Bxc3+ 6. bxc3 b6 7. e4 Ne8 8. Qc2 Nc6 9. Bd3 e5 10. d5 Na5 11. f4 f6 12. Nf3 Nd6 13. 0-0 Naxc4 14. fxe5 fxe5 15. Bg5 Qe8 16. Qe2 Na5 17. Nh4 Nf7 18. Be3 d6 19. Nf5 Bxf5 20. exf5 e4 21. Bb5 Qd8 22. Bd4 Nb3 23. Rad1 Nc5 24. f6 g6 25. Bxc5 bxc5 26. Qxe4 Ne5 27. Qh4 Rb8 28. a4 a6 29. Bxa6 Nd7 30. Bb5 Rxf6 31. Rxf6 Qxf6 32. Qxf6 Nxf6 33. c4 Ra8 34. Bc6 Ra5 35. Rb1 Ne4 36. Rb8+ Kg7 37. Rb7 Nc3 38. Rxc7+ Kf6 39. Rxh7 Nxa4 40. Bxa4 Rxa4 41. Rh4 Kf5 42. h3 g5 43. Rg4 Ra3 44. Kf2 Rc3 45. Ke2 Rc1 46. Kf2 Rc2+ 47. Kf1 Rd2 48. Ke1 Rd3 49. Ke2 Ra3 50. Kf2 1/2-1/2

[Event "Samara Polugaevsky Memorial 2nd"]
[Site "Samara"]
[Date "2012.07.07"]
[Round "3"]
[White "Kabanova, Ekaterina"]
[Black "Velichko, Artemy"]
[Result "1-0"]
[WhiteElo "2164"]
[BlackElo "1761"]
[PlyCount "86"]
[EventDate "2012.07.05"]
[EventType "swiss"]
[EventRounds "9"]
[EventCountry "RUS"]
[SourceTitle "CBM 149 Extra"]
[Source "ChessBase"]
[SourceDate "2012.08.24"]
[SourceVersion "1"]
[SourceVersionDate "2012.08.24"]
[SourceQuality "1"]

1. Nf3 d5 2. b3 c5 3. Bb2 f6 4. e3 e5 5. Nxe5 fxe5 6. Qh5+ Ke7 7. Qxe5+ Be6 8. Bd3 Nc6 9. Qg5+ Ke8 10. Qg3 Nf6 11. 0-0 Qd7 12. f4 Bf5 13. Bxf5 Qxf5 14. d3 Qg6 15. Qh4 Be7 16. f5 Qf7 17. Qe1 Bd6 18. e4 dxe4 19. Nd2 Nd4 20. Bxd4 cxd4 21. Nxe4 Nxe4 22. Qxe4+ Qe7 23. Qg4 Kf8 24. Kh1 Qe5 25. Qh4 Qf6 26. Qf2 Qe5 27. g3 Qf6 28. Rae1 Re8 29. Rxe8+ Kxe8 30. Re1+ Kd7 31. Re6 Qg5 32. Qxd4 Qc1+ 33. Kg2 Qxc2+ 34. Kh3 Qc5 35. Rxd6+ Qxd6 36. Qxg7+ Kc6 37. Qxh8 Qh6+ 38. Kg4 Qxh2 39. Qe8+ Kc7 40. Qe5+ Kc6 41. f6 Qd2 42. Qe4+ Kd7 43. f7 Qd1+ 1-0

[Event "Samara Polugaevsky Memorial 2nd"]
[Site "Samara"]
[Date "2012.07.06"]
[Round "2"]
[White "Smetanov, Nikolay"]
[Black "Velichko, Artemy"]
[Result "1-0"]
[WhiteElo "2095"]
[BlackElo "1761"]
[PlyCount "25"]
[EventDate "2012.07.05"]
[EventType "swiss"]
[EventRounds "9"]
[EventCountry "RUS"]
[SourceTitle "CBM 149 Extra"]
[Source "ChessBase"]
[SourceDate "2012.08.24"]
[SourceVersion "1"]
[SourceVersionDate "2012.08.24"]
[SourceQuality "1"]

1. e4 e6 2. d4 d5 3. Nd2 c5 4. c3 cxd4 5. cxd4 dxe4 6. Nxe4 Bb4+ 7. Nc3 Nf6 8. Nf3 0-0 9. Bd3 b6 10. Bg5 h6 11. Bxf6 Qc7 12. Be5 Bxc3+ 13. Kf1 1-0

[Event "Samara Polugaevsky Memorial 1st"]
[Site "Samara"]
[Date "2011.07.12"]
[Round "8"]
[White "Ramazanov, Bagautdin"]
[Black "Velichko, Artemy"]
[Result "1-0"]
[WhiteElo "1912"]
[BlackElo "1714"]
[PlyCount "100"]
[EventDate "2011.07.05"]
[EventType "swiss"]
[EventRounds "9"]
[EventCountry "RUS"]
[SourceTitle "CBM 143 Extra"]
[Source "ChessBase"]
[SourceDate "2011.08.29"]
[SourceVersion "1"]
[SourceVersionDate "2011.08.29"]
[SourceQuality "1"]

1. e4 e6 2. d4 d5 3. Nd2 c5 4. exd5 Qxd5 5. Ngf3 cxd4 6. Bc4 Qd6 7. 0-0 Nf6 8. Nb3 Nc6 9. Nbxd4 Nxd4 10. Qxd4 Qxd4 11. Nxd4 a6 12. a4 Bc5 13. Nb3 Ba7 14. Bf4 0-0 15. Rad1 Bd7 16. a5 Rac8 17. Bd3 Ba4 18. Be5 Bxb3 19. cxb3 Nd5 20. Be4 Rfd8 21. Rc1 f6 22. Bg3 Rc5 23. b4 Rb5 24. Bxd5 exd5 25. Rfe1 Rxb4 26. Re7 Rc4 27. Rce1 Re4 28. R1xe4 dxe4 29. Kf1 Rd1+ 30. Ke2 Ra1 31. Rxb7 Bd4 32. Rb4 Bc5 33. Rxe4 Rxa5 34. Kd3 Bb6 35. Rb4 Bc5 36. Rb7 Ra2 37. Kc4 Bf8 38. Kd5 Ra1 39. Kc6 h6 40. Kd5 Ra5+ 41. Ke6 Rc5 42. Rb8 Rc2 43. Bd6 Re2+ 44. Kd7 Rxf2 45. Rxf8+ Kh7 46. Rb8 Rxg2 47. b4 Ra2 48. Ra8 g5 49. b5 f5 50. Rxa6 Rb2 1-0